| 000 | 01047nam a2200289 u 4500 | ||
|---|---|---|---|
| 001 | 000000355032 | ||
| 003 | IT-MiSPE | ||
| 005 | 20210414160957.0 | ||
| 008 | 070423s2007 it b 001 ucita d | ||
| 020 | _a9788816304406 | ||
| 040 |
_aIT-MiSPE _bita _cIT-MiSPE |
||
| 082 | _a270.092-LAB ju st (axa 23306) | ||
| 100 | 1 |
_aLaboa, Juan María, _d1939- _958857 |
|
| 240 | 1 | 0 |
_aHistoria de los Papas. _lItaliano |
| 245 | 1 | 3 |
_aLa storia dei Papi : _btra il regno di Dio e le passioni terrene / _cJuan María Laboa. |
| 260 |
_aMilano : _bJaca Book, _c2007. |
||
| 300 |
_a542 p. : _bc. geogr. ; _c25 cm |
||
| 490 | 1 |
_aGià e non ancora ; _v440 |
|
| 490 | 1 | _aComplementi alla storia della Chiesa | |
| 500 | _aTit. orig.: Historia de los Papas | ||
| 504 | _aBibliografia (pp. 487-526) e indice | ||
| 655 | 7 |
_aStoria ecclesiastica. Generalità _xStoria generale dei Papi (italiano) _2local _958858 |
|
| 830 | 0 |
_aGià e non ancora ; _v440. _958859 |
|
| 830 | 0 |
_aComplementi alla storia della Chiesa. _958860 |
|
| 942 |
_2ddc _cBK |
||
| 999 |
_c359232 _d359232 |
||